000 00467nam a2200157Ia 4500
999 _c19894
_d19894
003 OSt
005 20200624150217.0
008 190216s9999||||xx |||||||||||||| ||und||
040 _coclc
082 _a954.799
_bSHA/S
100 _aShastry, B S
_93207
245 0 _aStudies In Indo-Portuguese History /
_cB S Shastry
260 _bIbh Publishing Company,
_c1981.
_a Bombay:
300 _a261p
942 _cBK
_2ddc
_h954.799
_iSHA/S
_k954.799
_mSHA/S